Straßenbahn Kassel - Linie 4 - Statistiken

Allgemein
  • Dieses Quiz wurde 46 mal gespielt
  • Das Durchschnittsergebnis liegt bei 26 aus 48
Antwortstatistiken
Hint Antwort % Korrekt
Mitte Königsplatz
92%
Mitte Am Stern
89%
Mitte Friedrichsplatz
89%
Mitte Rathaus
89%
Mitte Rathaus/Fünffensterstraße
89%
Wilhelmshöhe Bahnhof Wilhelmshöhe
78%
Wilhelmshöhe Druseltal
78%
Vorderer Westen Rotes Kreuz
78%
Vorderer Westen Bebelplatz
76%
Mitte Ständeplatz
76%
Mitte Altmarkt/Regierungspräsidium
73%
Vorderer Westen Annastraße
73%
Vorderer Westen Querallee
73%
Vorderer Westen Friedenskirche
68%
Vorderer Westen Kongress Palais/Stadthalle
68%
Kaufungen Papierfabrik
68%
Unterneustadt Platz der Deutschen Einheit
68%
Unterneustadt Unterneustädter Kirchplatz
68%
Vorderer Westen Karthäuserstraße
65%
Wilhelmshöhe Christuskirche
62%
Bettenhausen Leipziger Platz
62%
Wilhelmshöhe Waldorfschule
62%
Vorderer Westen Wintershall
62%
Wilhelmshöhe Walther-Schücking-Platz
57%
Wilhelmshöhe Brabanter Straße
51%
Bettenhausen Kirchgasse
51%
Wilhelmshöhe Hugo-Preuß-Straße
49%
Bettenhausen Sandershäuser Straße
49%
Hessisch Lichtenau Bürgerhaus
43%
Forstfeld Am Kupferhammer
41%
Kaufungen DRK Klinik
41%
Forstfeld Forstfeldstraße
41%
Kaufungen Gesamtschule
41%
Forstfeld Lindenberg
41%
Wilhelmshöhe Wiegandstraße
41%
Kaufungen Rieckswiesen
38%
Helsa Bahnhof Helsa
35%
Kaufungen Industriestraße
35%
Kaufungen Niederkaufungen Mitte
35%
Kaufungen Oberkaufungen Mitte
35%
Kaufungen Bahnhof Niederkaufungen
30%
Helsa Eschenstruth
30%
Hessisch Lichtenau Stadtmitte
30%
Kaufungen Bahnhof Oberkaufungen
27%
Hessisch Lichtenau Fürstenhagen
27%
Hessisch Lichtenau Im Tal
27%
Hessisch Lichtenau Orthopädische Klinik
24%
Helsa Waldhof
24%
Keine übereinstimmenden Quizze gefunden
Verteilung der Resultate
Anzahl Personen mit jedem Resultat
Perzentil nach korrekt beantworteten Fragen
Ihre Resultats-Entwicklung
Sie haben dieses Quiz noch nicht gespielt